| 000 | 01103cam a2200325 i 4500 | ||
|---|---|---|---|
| 001 | 200447410 | ||
| 003 | TR-AnTOB | ||
| 005 | 20240809100016.0 | ||
| 007 | ta | ||
| 008 | 030430m tu s 000 0 tur | ||
| 020 | _a9751929296 | ||
| 022 | _a1301-1901 | ||
| 040 |
_aTR-AnTOB _beng _erda _cTR-AnTOB _dTR-AnTOB |
||
| 041 | _atur | ||
| 050 | 1 | 4 |
_aHD9736.T9 _bK83 |
| 090 |
_aTOBBK HD9736.T9 _bK83 |
||
| 245 | 0 | 0 |
_aKüçük ölçekli imalat sanayii istatistikleri (1-9) / _chaz. Devlet İstatistik Enstitüsü |
| 264 | 1 |
_aAnkara : _bDevlet İstatistik Enstitüsü. _c1999-2001. |
|
| 300 |
_avolumes : _c29 cm |
||
| 336 |
_atext _btxt _2rdacontent |
||
| 337 |
_aunmediated _bn _2rdamedia |
||
| 338 |
_avolume _bnc _2rdacarrier |
||
| 500 | _aKütüphanede 1993, 1994, 1996,1998, 1999, 2001 yıllarıı mevcuttur. | ||
| 650 | 0 |
_aİmalat sanayii _zTürkiye _vİstatistikler _931850 |
|
| 653 |
_aİmalat endüstrisi _aTürkiye _aİstatistikler. |
||
| 710 | 2 | 0 |
_aDevlet İstatistik Enstitüsü (Turkey) _986134 |
| 942 |
_2z _cBK |
||
| 999 |
_c200447410 _d65622 |
||